Statistics for Guess Kpop girlgroup songs through emojis(pt2)

Click here to take the quiz!

General Stats

  • This quiz has been taken 59 times
    (44 since last reset)
  • The average score is 10 of 24

Answer Stats

Answer% Correct
Up! - Kep1er
91%
Red Light - f(x)
89%
Oh My God - (G)i-DLE / OMG - Newjeans
86%
Apple - Gfriend
80%
Shooting Star - XG
80%
Dance The Night Away - Twice
71%
Icy - ITZY
63%
Whistle - BLACKPINK
63%
Spicy - aespa
60%
Like Water - Wendy
43%
Shy Boy - Secret
43%
Heart Attack - AOA / Heart Attack - Chuu
37%
WInd Flower - Mamamoo
34%
Russian Roulette - Red Velvet
31%
Fast Forward - Jeon Somi
29%
Loving U - Sistar / Love U - Chungha
26%
I'm So Sick - APink
20%
Sweet Juice - Purple Kiss
17%
Rollin' - Brave Girls
11%
Rose Blossom - H1-KEY
11%
After Like - IVE
9%
Celebrity - IU
9%
Violeta - IZ*ONE
6%
INVU - Taeyeon
3%

Score Distribution

Percentile by Number Answered

Percent of People with Each Score

Your Score History

You have not taken this quiz since the last reset